000 00318nam a2200109Ia 4500
008 180219s9999 xx 000 0 und d
020 _a8050618354
100 _aPollack, William
245 _aReal boys :
_brescuing our sons from the myths of boyhood /
260 _aNew Jersey :
_bHenry Holt & Co.
300 _a447 pages
999 _c355947
_d355947